Nezisková organizácia ako nástroj sociálnej politiky bakalárska práca

Enregistré dans:
Détails bibliographiques
Auteur principal: Polgár, Filip
Collectivité auteur: Národohospodárska fakulta EU. Katedra ekonómie
Autres auteurs: Pongráczová, Eva, 1971-
Format: Livre
Langue:slovaque
Publié: Bratislava 2020
Tags: Ajouter un tag
Pas de tags, Soyez le premier à ajouter un tag!

MARC

LEADER 00000nbm a2200000 4500
001 0265496
005 20200922084718.1
041 0 |a slo 
044 |a SK 
245 1 0 |a Nezisková organizácia ako nástroj sociálnej politiky  |b bakalárska práca  |c Filip Polgár ; školiteľ: Eva Pongráczová 
264 1 |a Bratislava  |c 2020 
300 |a 42 s. 
100 1 |a Polgár, Filip 
700 1 |a Pongráczová, Eva, 1971- 
710 2 |a Národohospodárska fakulta EU. Katedra ekonómie